Subdivision capitals closest to Kiev (UA) - Statistics

General Stats
  • This quiz has been taken 13 times
  • The average score is 9 of 20
Answer Stats
Distance (km) Answer % Correct
5 223 Homel
100%
3 158 Čerkasi
80%
1 128 Černjihiv
80%
4 200 Vinicja
80%
2 134 Žitomir
80%
7 277 Hmeljnickij
60%
10 304 Poltava
60%
9 302 Rivne
60%
11 305 Sumi
60%
6 250 Kropivnjickij
40%
18 340 Briceni
20%
15 324 Dondușeni
20%
17 333 Drochia
20%
19 345 Edineț
20%
16 327 Florești
20%
13 320 Ocnița
20%
14 321 Rezina
20%
20 352 Rîșcani
20%
12 319 Șoldănești
20%
8 302 Soroca
20%
No matching quizzes found
Score Distribution
Percent of People with Each Score
Percentile by Number Answered
Your Score History
You have not taken this quiz